000 01013nam a2200301Ia 4500
001 Para_265
003 CHAP
008 220125s1984 xx 000 0 und d
010 _a199021
040 _cCHAP
090 _aPA FOLLETO 2265
100 _aRojas Martínez, Basilio A.
_999335
245 _aFertilización de la caña de azucar /
_c por Basilio A. Rojas Martínez , B. Ortiz Villanueva y Alfonso García Espinoza
250 _a2a.
260 _aMéxico, D.F. :
_b Instituto para el mejoramiento de la producción de azúcar
300 _a25 p.
650 _aFertilizantes para caña de azúcar
_940610
700 _aI. Ortiz Villanueva,
_9164332
700 _aIII. García Espinoza, Alfonso
_9164333
710 _aIII. México. Instituto para el mejoramiento de la producción de azúcar
_9164334
901 _aPA FOLLETO 2265
902 _aA
905 _a0000001984 n 0000000000 00
910 _a1984
942 _cPARA
942 _cPARA
_d1
999 _c199021
_d199021